Estimating for building and civil engineering works: Incorporating building and public works administration estimating and costing (Record no. 27093)

MARC details
000 -LEADER
fixed length control field 00390nam a2200109Ia 4500
082 ## - DEWEY DECIMAL CLASSIFICATION NUMBER
Classification number 657.34:624
Item number CHR
245 #0 - TITLE STATEMENT
Title Estimating for building and civil engineering works: Incorporating building and public works administration estimating and costing
260 ## - PUBLICATION, DISTRIBUTION, ETC. (IMPRINT)
Place of publication London
Name of publisher Newnes-Butterworths
Year of publication 1951
700 ## - ADDED ENTRY--PERSONAL NAME
Personal name Chrystal-Smith, G
942 ## - ADDED ENTRY ELEMENTS (KOHA)
Koha item type Books
Holdings
Withdrawn status Lost status Damaged status Not for loan Home library Current library Date acquired Cost, normal purchase price Full call number Accession Number Koha item type
        RRII Library RRII Library 16/12/2021 13.00 657.34:624 CHR 07724 Books